00361nam a2200133 a 450000500170000000800410001702000180005805000210007610000180009724500460011526000320016130000090019344000250020220140412111428.0090224s19uu xx 00 eng d a0-439-87125-5 aTR(PS EbNe 2007 aParker, David aA New person in my class /cDavid Parker. aU.S.A :bScholastic,c2007. aunp. aThe Best me i can be